[Event "UZB-ch 1st League"]
[Site "Tashkent"]
[Date "2009.04.23"]
[Round "13"]
[White "Nazarov, Elyor"]
[Black "Vakhidov, Jahongir"]
[Result "0-1"]
[WhiteElo "2156"]
[BlackElo "2207"]
[PlyCount "70"]
[EventDate "2009.04.11"]
[EventType "tourn"]
[EventRounds "13"]
[EventCountry "UZB"]
[SourceTitle "CBM 130 Extra"]
[Source "ChessBase"]
[SourceDate "2009.07.02"]
[SourceVersion "2"]
[SourceVersionDate "2009.07.15"]
[SourceQuality "1"]

1. e4 c5 2. Nf3 d6 3. d4 cxd4 4. Nxd4 Nf6 5. Nc3 g6 6. Be3 Bg7 7. f3 0-0 8. Qd2 Nc6 9. 0-0-0 d5 10. Kb1 Rb8 11. Ndb5 a6 12. Na7 e6 13. g4 Ra8 14. Nxc8 Rxc8 15. exd5 Nxd5 16. Nxd5 exd5 17. Qxd5 Qf6 18. Qb3 Qxf3 19. Bc4 Na5 20. Bd5 Qxd1+ 21. Rxd1 Nxb3 22. axb3 Rfd8 23. c4 Rd7 24. b4 Rxc4 25. Bc5 Rxg4 26. Re1 h5 27. Bf3 Rf4 28. Re3 Rd2 29. Rb3 Rxb2+ 30. Rxb2 Bxb2 31. Bxb7 Ba3 32. Bd6 Rd4 33. Bc5 Rh4 34. Be7 Rxh2 35. Bxa6 h4 0-1

[Event "UZB-ch 1st League"]
[Site "Tashkent"]
[Date "2009.04.20"]
[Round "10"]
[White "Nazarov, Elyor"]
[Black "Bozorov, Makhsum"]
[Result "0-1"]
[WhiteElo "2156"]
[BlackElo "2170"]
[PlyCount "88"]
[EventDate "2009.04.11"]
[EventType "tourn"]
[EventRounds "13"]
[EventCountry "UZB"]
[SourceTitle "CBM 130 Extra"]
[Source "ChessBase"]
[SourceDate "2009.07.02"]
[SourceVersion "2"]
[SourceVersionDate "2009.07.15"]
[SourceQuality "1"]

1. e4 c5 2. Nf3 d6 3. d4 cxd4 4. Nxd4 Nf6 5. Nc3 a6 6. Bg5 e6 7. f4 Be7 8. Qf3 Qc7 9. 0-0-0 Nbd7 10. g4 b5 11. Bxf6 gxf6 12. Qe3 b4 13. Nce2 Bb7 14. Ng3 Rc8 15. Bd3 Nb6 16. Nh5 Rg8 17. Qe2 Nc4 18. Nb3 Ba8 19. Nd2 d5 20. Rhe1 b3 21. Bxc4 bxa2 22. Nb3 dxc4 23. Na1 c3 24. Rd3 Qa5 25. Red1 Qb4 26. bxc3 Rxc3 27. Qe3 Rxd3 28. Rxd3 Qb1+ 29. Kd2 Bb4+ 30. c3 Qb2+ 31. Nc2 Be7 32. Qd4 Qb8 33. h3 Bc6 34. Ng3 Qxf4+ 35. Re3 Qe5 36. Qc4 Bc5 37. Rf3 Ke7 38. Qxa6 Rd8+ 39. Rd3 Qf4+ 40. Kd1 Qf3+ 41. Kd2 Qxd3+ 42. Qxd3 Rxd3+ 43. Kxd3 Ba4 44. Na1 Ba3 0-1

[Event "UZB-ch 1st League"]
[Site "Tashkent"]
[Date "2009.04.19"]
[Round "9"]
[White "Kholmirzaev, Bakhodir"]
[Black "Nazarov, Elyor"]
[Result "1-0"]
[WhiteElo "2265"]
[BlackElo "2156"]
[PlyCount "43"]
[EventDate "2009.04.11"]
[EventType "tourn"]
[EventRounds "13"]
[EventCountry "UZB"]
[SourceTitle "CBM 130 Extra"]
[Source "ChessBase"]
[SourceDate "2009.07.02"]
[SourceVersion "2"]
[SourceVersionDate "2009.07.15"]
[SourceQuality "1"]

1. d4 Nf6 2. Nc3 d6 3. Bg5 Nbd7 4. Nf3 c6 5. e4 e5 6. d5 c5 7. a4 Be7 8. Qd2 0-0 9. g3 Ne8 10. h4 Ndf6 11. Nh2 g6 12. Be2 Ng7 13. Bh6 Nfe8 14. h5 gxh5 15. g4 hxg4 16. Bxg4 f5 17. exf5 Rf7 18. 0-0-0 Nxf5 19. Rdg1 Kh8 20. Bh5 Nxh6 21. Qxh6 Rf5 22. Nf3 1-0

[Event "UZB-ch 1st League"]
[Site "Tashkent"]
[Date "2009.04.17"]
[Round "7"]
[White "Hamrakulova, Yulduz"]
[Black "Nazarov, Elyor"]
[Result "1/2-1/2"]
[WhiteElo "2191"]
[BlackElo "2156"]
[PlyCount "62"]
[EventDate "2009.04.11"]
[EventType "tourn"]
[EventRounds "13"]
[EventCountry "UZB"]
[SourceTitle "CBM 130 Extra"]
[Source "ChessBase"]
[SourceDate "2009.07.02"]
[SourceVersion "2"]
[SourceVersionDate "2009.07.15"]
[SourceQuality "1"]

1. d4 Nf6 2. c4 d6 3. Nf3 g6 4. Nc3 Bg7 5. e4 0-0 6. Be2 e5 7. 0-0 Nbd7 8. Re1 Re8 9. Bf1 Nh5 10. Be3 c6 11. Qc2 Bf6 12. d5 Be7 13. b4 Ng7 14. Rad1 Bf8 15. Nd2 f5 16. dxc6 bxc6 17. g3 Nf6 18. Nb3 fxe4 19. Nxe4 Bf5 20. Nxf6+ Qxf6 21. Qc3 Bg4 22. Be2 Bxe2 23. Rxe2 Ne6 24. Na5 Qf3 25. Red2 Nf4 26. gxf4 Qg4+ 27. Kh1 Qf3+ 28. Kg1 exf4 29. Qf6 Bh6 30. Bd4 Qg4+ 31. Kh1 Qf3+ 1/2-1/2

[Event "UZB-ch 1st League"]
[Site "Tashkent"]
[Date "2009.04.14"]
[Round "4"]
[White "Nazarov, Elyor"]
[Black "Galyamov, Vildan"]
[Result "1-0"]
[WhiteElo "2156"]
[BlackElo "2274"]
[PlyCount "101"]
[EventDate "2009.04.11"]
[EventType "tourn"]
[EventRounds "13"]
[EventCountry "UZB"]
[SourceTitle "CBM 130 Extra"]
[Source "ChessBase"]
[SourceDate "2009.07.02"]
[SourceVersion "2"]
[SourceVersionDate "2009.07.15"]
[SourceQuality "1"]

1. e4 c5 2. Nf3 Nc6 3. d4 cxd4 4. Nxd4 Nf6 5. Nc3 e5 6. Ndb5 d6 7. Bg5 a6 8. Na3 b5 9. Nd5 Qa5+ 10. Bd2 Qd8 11. Bg5 Qa5+ 12. c3 Nxe4 13. b4 Qxa3 14. Bc1 Nxc3 15. Qd2 Ne4 16. Qe2 Nd4 17. Qxe4 Qa4 18. Nc7+ Kd8 19. Nxa8 Bf5 20. Qb7 Nc2+ 21. Ke2 Nxa1 22. Be3 Bg4+ 23. f3 Qxa2+ 24. Ke1 Nc2+ 25. Kf2 Nxe3+ 26. Kxe3 Be6 27. Be2 g6 28. Rd1 d5 29. Qc7+ Ke8 30. Qxe5 Rg8 31. Nc7+ Kd7 32. Nxd5 Bxd5 33. Rxd5+ Kc6 34. f4 Qxd5 35. Bf3 Qxf3+ 36. Kxf3 Bxb4 37. Qe4+ Kc5 38. Qe7+ Kc6 39. Qxb4 Rc8 40. Qb3 f5 41. h3 Kb6 42. g4 fxg4+ 43. hxg4 a5 44. f5 gxf5 45. gxf5 b4 46. Ke4 Kb5 47. Qd3+ Kb6 48. f6 Re8+ 49. Kf5 Rc8 50. f7 a4 51. Qd4+ 1-0

[Event "UZB-ch 1st League"]
[Site "Tashkent"]
[Date "2009.04.13"]
[Round "3"]
[White "Saidov, Beqali"]
[Black "Nazarov, Elyor"]
[Result "1-0"]
[WhiteElo "2345"]
[BlackElo "2156"]
[PlyCount "33"]
[EventDate "2009.04.11"]
[EventType "tourn"]
[EventRounds "13"]
[EventCountry "UZB"]
[SourceTitle "CBM 130 Extra"]
[Source "ChessBase"]
[SourceDate "2009.07.02"]
[SourceVersion "2"]
[SourceVersionDate "2009.07.15"]
[SourceQuality "1"]

1. e4 e5 2. Nf3 Nc6 3. Bb5 a6 4. Bxc6 dxc6 5. 0-0 Bd6 6. d4 Bg4 7. dxe5 Bxf3 8. Qxf3 Bxe5 9. Rd1 Qf6 10. Qxf6 Nxf6 11. Kf1 Bd6 12. e5 Bxe5 13. Re1 0-0-0 14. Rxe5 Ng4 15. Re1 Rhe8 16. Rxe8 Rxe8 17. f3 1-0

[Event "UZB-ch 1st League"]
[Site "Tashkent"]
[Date "2009.04.11"]
[Round "1"]
[White "Gubaydulin, Talgat"]
[Black "Nazarov, Elyor"]
[Result "1-0"]
[WhiteElo "2265"]
[BlackElo "2156"]
[PlyCount "78"]
[EventDate "2009.04.11"]
[EventType "tourn"]
[EventRounds "13"]
[EventCountry "UZB"]
[SourceTitle "CBM 130 Extra"]
[Source "ChessBase"]
[SourceDate "2009.07.02"]
[SourceVersion "2"]
[SourceVersionDate "2009.07.15"]
[SourceQuality "1"]

1. Nf3 Nf6 2. c4 d6 3. Nc3 e5 4. d4 Nbd7 5. e4 Be7 6. Be2 0-0 7. 0-0 c6 8. Be3 Qc7 9. d5 g6 10. Bh6 Re8 11. Ne1 Nc5 12. Bf3 a5 13. Be3 Nfd7 14. Qc2 Rf8 15. Bh6 Re8 16. b3 Nf8 17. Nd3 Nxd3 18. Qxd3 f5 19. dxc6 bxc6 20. exf5 gxf5 21. Nd5 Qd7 22. Nb6 Qb7 23. Nxa8 Qxa8 24. Bh5 Ng6 25. f4 Qa7+ 26. Kh1 Bf6 27. Qxd6 Re6 28. Qd2 e4 29. Rad1 c5 30. Qd5 Qe7 31. Qxf5 e3 32. Rfe1 Bd4 33. Bf3 Kh8 34. Bg5 Qg7 35. Bd5 Re8 36. Qf7 Rf8 37. Qxg7+ Kxg7 38. f5 Bxf5 39. Bxe3 Bc3 1-0

[Event "Agzamov Memorial 03rd"]
[Site "Tashkent"]
[Date "2009.03.22"]
[Round "6"]
[White "Kotsur, Pavel"]
[Black "Nazarov, Elyor"]
[Result "1-0"]
[WhiteElo "2563"]
[BlackElo "2181"]
[PlyCount "45"]
[EventDate "2009.03.15"]
[EventType "swiss"]
[EventRounds "9"]
[EventCountry "UZB"]
[SourceTitle "CBM 129 Extra"]
[Source "ChessBase"]
[SourceDate "2009.05.05"]
[SourceVersion "2"]
[SourceVersionDate "2009.05.20"]
[SourceQuality "1"]

1. e4 e5 2. Nf3 Nc6 3. Bb5 a6 4. Ba4 Nf6 5. 0-0 Be7 6. d3 d6 7. c3 0-0 8. Re1 b5 9. Bc2 Bb7 10. Nbd2 d5 11. Qe2 Bc5 12. h3 Re8 13. Nf1 d4 14. Ng3 g6 15. Bg5 Qd6 16. a3 a5 17. Bb3 dxc3 18. bxc3 Nd7 19. Red1 Bxa3 20. Qa2 b4 21. Bxf7+ Kg7 22. Nh4 Qc5 23. Nhf5+ 1-0

[Event "UZB-ch 1st League"]
[Site "Tashkent"]
[Date "2007.04.11"]
[Round "7"]
[White "Nazarov, Elyor"]
[Black "Mustafaev, Jamshid"]
[Result "1-0"]
[WhiteElo "2265"]
[BlackElo "2232"]
[PlyCount "95"]
[EventDate "2007.04.05"]
[EventType "tourn"]
[EventRounds "11"]
[EventCountry "UZB"]
[EventCategory "1"]
[SourceTitle "EXT 2015"]
[Source "ChessBase"]
[SourceDate "2014.11.20"]
[SourceVersion "1"]
[SourceVersionDate "2014.11.20"]
[SourceQuality "1"]

1. e4 c5 2. Nf3 Nc6 3. Nc3 d6 4. d4 cxd4 5. Nxd4 Nf6 6. Be2 e5 7. Nb3 Be6 8. Bg5 Be7 9. Qd2 a5 10. Rd1 a4 11. Nc1 0-0 12. 0-0 a3 13. b3 Nd4 14. f4 Rc8 15. Bd3 Bg4 16. Rde1 h6 17. Bxf6 Bxf6 18. Nd5 Bh4 19. c3 Nc6 20. f5 f6 21. g3 Bg5 22. Qg2 Bh5 23. Bc4 Bf7 24. h4 Bxc1 25. Rxc1 Na5 26. Be2 Bxd5 27. exd5 b5 28. Qf2 Rb8 29. Qe3 Qb6 30. Kf2 Rfc8 31. Qxb6 Rxb6 32. Bd3 Kf7 33. Ke3 Ke7 34. g4 Kd7 35. g5 hxg5 36. hxg5 b4 37. gxf6 gxf6 38. Rh1 Rxc3 39. Rh7+ Kc8 40. Rg1 Kb8 41. Rg6 Rb7 42. Rh8+ Ka7 43. Rxf6 Rd7 44. Kd2 Kb6 45. Rg6 Ra7 46. Rb8+ Kc7 47. Rxb4 Rxb3 48. axb3 1-0

[Event "UZB-ch 1st League"]
[Site "Tashkent"]
[Date "2007.04.10"]
[Round "6"]
[White "Karimov, Ibragim"]
[Black "Nazarov, Elyor"]
[Result "1/2-1/2"]
[WhiteElo "2317"]
[BlackElo "2265"]
[PlyCount "24"]
[EventDate "2007.04.05"]
[EventType "tourn"]
[EventRounds "11"]
[EventCountry "UZB"]
[EventCategory "1"]
[SourceTitle "EXT 2015"]
[Source "ChessBase"]
[SourceDate "2014.11.20"]
[SourceVersion "1"]
[SourceVersionDate "2014.11.20"]
[SourceQuality "1"]

1. e4 e5 2. Nf3 Nc6 3. Bb5 a6 4. Ba4 Nf6 5. 0-0 Be7 6. Re1 b5 7. Bb3 0-0 8. c3 d6 9. h3 Re8 10. Ng5 Rf8 11. Nf3 Re8 12. Ng5 Rf8 1/2-1/2

[Event "UZB-ch 1st League"]
[Site "Tashkent"]
[Date "2007.04.06"]
[Round "2"]
[White "Daurimbetov, Azamat"]
[Black "Nazarov, Elyor"]
[Result "1-0"]
[WhiteElo "2301"]
[BlackElo "2265"]
[PlyCount "71"]
[EventDate "2007.04.05"]
[EventType "tourn"]
[EventRounds "11"]
[EventCountry "UZB"]
[EventCategory "1"]
[SourceTitle "EXT 2015"]
[Source "ChessBase"]
[SourceDate "2014.11.20"]
[SourceVersion "1"]
[SourceVersionDate "2014.11.20"]
[SourceQuality "1"]

1. d4 Nf6 2. Nf3 d5 3. c4 c6 4. Nc3 e6 5. Bf4 Be7 6. e3 0-0 7. a3 a6 8. cxd5 exd5 9. Bd3 Bg4 10. Qb3 b5 11. Ne5 Be6 12. Qc2 h6 13. 0-0 Nfd7 14. Nf3 c5 15. dxc5 Nxc5 16. Bh7+ Kh8 17. Rfd1 f5 18. Bg6 Na4 19. Nd4 Qd7 20. Nxa4 bxa4 21. Rac1 a5 22. Bh5 Na6 23. Nxe6 Qxe6 24. Qxa4 Nc5 25. Qb5 Rac8 26. Bf3 Ne4 27. Qxa5 Rxc1 28. Rxc1 g5 29. Bc7 f4 30. exf4 gxf4 31. Qb6 Qf5 32. Qxh6+ Kg8 33. h3 Bc5 34. Bxe4 dxe4 35. Bxf4 Rf6 36. Rxc5 1-0